000 00749nam a2200193 i 4500
001 180411
003 ES-MaACL
005 20230906221104.0
008 120601s1967 sp |||| | spa d
080 _a581.9(467.32)(043.2)
100 1 _aVigo, J. (
_d1937-)
_9150291
245 1 0 _aEstudio de la flora y vegetación del macizo de Penyagolosa y zonas próximas /
_cpor José Vigo Bonada.
260 _aBarcelona :
_bUniversidad de Barcelona, Secretariado de Publicaciones, Intercambio Científico y Extensión Universitaria.,
_c[1967]
300 _a11 p. ;
_c24 cm.
502 _aTesis-Universidad de Barcelona (Extracto)
650 4 _aFlora-
_zCastellón.
_9150292
710 2 _aUniversidad de Barcelona.
_97141
852 _aES-MaACL
_jE-15362(6)
999 _c180411
_d180411